Music Quiz

Random Music or Missing Word Quiz
Score 0/27 Timer 04:00
5 Plays Today
% Correct
Christmas
96.4%
Rock
96%
Country
94.7%
World
94.7%
Color
94.4%
Show
94.4%
Friends
94.3%
State
92.9%
Play
91.9%
Africa
91.8%
Famous
89.1%
Nation
87.5%
Justice
85.3%
Year
84.6%
% Correct
Border
83.8%
City
81.4%
War
81%
Rap
79.7%
Toys
76.8%
Japanese
69.2%
Animal
63.8%
Europe
61.5%
Book
61.4%
Song
56.8%
Capital
49.4%
Letter
35.6%
Spanish
28.9%

You're not logged in!

Compare scores with friends on all Sporcle quizzes.
OR
Log In

Sporcle TV

Today on Sporcle TV


Watch our educational content, quiz creation guides, and fun videos on Sporcle TV.

Show Comments

Extras

Top Quizzes Today


Score Distribution

Paid Content

Your Account Isn't Verified!

In order to create a playlist on Sporcle, you need to verify the email address you used during registration. Go to your Sporcle Settings to finish the process.

Report this User

Report this user for behavior that violates our Community Guidelines.

Details: